| 000 | 00451cam a2200181ua 4500 | ||
|---|---|---|---|
| 020 |
_ay664 30 7 _c75.00 |
||
| 041 |
_aeng _h |
||
| 082 |
_a658.1 _bLUT/OR |
||
| 100 | _aLuthansfred, . | ||
| 245 |
_aOrganisational behaviour / _cLuthansfred. _hTextual Documents |
||
| 250 |
_a4 / _b. |
||
| 260 |
_aNew York : _bMcGraw Hill Book Company , _c1985. |
||
| 300 | _a687 ; . | ||
| 365 | _a75.00 | ||
| 504 | _a | ||
| 942 | _cBK | ||
| 999 |
_c2046 _d2046 |
||